000 00500nam a2200181Ia 4500
005 20250508162127.0
008 008 250505s9999 xx 000 0 eng d
037 _aTextual
040 _aFEDL
_beng
_cFEDL
041 _aeng
_2eng
084 _a420.7, ROW
_qFEDL
100 _aRowe B
_9772375
245 0 _aNew objective tests in english language
260 _aLondon, UK
_bHodder and Stoughton
_c1974
300 _a146p.
942 _cTEXL
_h420.7, ROW
999 _c1374543
_d1374543